Normal view
MARC view
- Oxyacetylene welding and cutting
Entry Topical Term
001 - CONTROL NUMBER
- control field: 44961
003 - CONTROL NUMBER IDENTIFIER
- control field: NUST
005 - DATE AND TIME OF LATEST TRANSACTION
- control field: 20210314133124.0
008 - FIXED-LENGTH DATA ELEMENTS
- fixed length control field: 210314|| aca||aabn | a|a d
040 ## - CATALOGING SOURCE
- Original cataloging agency: NUST
- Transcribing agency: NUST
150 ## - HEADING--TOPICAL TERM
- Topical term or geographic name entry element: Oxyacetylene welding and cutting
670 ## - SOURCE DATA FOUND
- Source citation: Work cat.: (NUST): Bainbridge, Cecil George. 44960, Gas welding and cutting;, [1948]
